000 00910cab a2200205 4500
001 L129255
008 050404n2005 000 0 eng u
035 _a(Sirsi) u129255
041 _aeng
100 _aAmbrose, Jan
245 _aSafety and the lone surveyor
260 _c2005
490 _aRICS Building Control
_v(158) April 2005, 4-5(2)
520 _aDiscusses health and safety with regard to the surveyor working alone. Notes that Direct Line Insurance in conjunction with the Suzy Lamplugh Trust have produced a wealth of useful common sense information for lone drivers. RICS has also written guidance on these issues in "Surveying safely: your guide to personal safety at work" (J127781).
590 _aIKA150405
650 _aHEALTH AND SAFETY AT WORK ETC ACT 1974
650 _aMANAGEMENT OF HEALTH AND SAFETY AT WORK REGULATIONS 1999
690 _aHealth and safety
_96244
942 _n0
999 _c75024
_d75024